Harold and Maude [videorecording] / Paramount Pictures presents ; produced by Colin Higgins and Charles B. Mulvehill ; written by Colin Higgins ; directed by Hal Ashby.
A black comedy about a rich, disturbed, young man, fascinated with death and funerals, who has an affair and a series of adventures with an eccentric and independent 80-year-old woman.
Record details
- ISBN: 0792165071
- Physical Description: 1 videodisc (91 min.) : sound, color ; 4 3/4 in.
- Edition: Widescreen version.
- Publisher: Hollywood, Calif. : Paramount Pictures, c2000.
Content descriptions
| General Note: | Videodisc release of 1971 motion picture. |
| Creation/Production Credits Note: | Songs composed and sung by Cat Stevens. |
| Participant or Performer Note: | Ruth Gordon, Bud Cort, Vivian Pickles, Cyril Cusack, Charles Tyner, Ellen Geer. |
| Target Audience Note: | Rated PG. |
| System Details Note: | DVD; Dolby Digital. |
| Language Note: | Language tracks in English and French; subtitles in English. Closed captioned for the hearing impaired. |
Search for related items by subject
| Subject: | Video recordings for the hearing impaired. |
| Genre: | Feature films. Comedy films. |
| LDR | 01779cgm a2200421Ia 4500 | ||
|---|---|---|---|
| 001 | 128050 | ||
| 003 | CONS | ||
| 005 | 20160202085024.0 | ||
| 007 | vd cvaiz- | ||
| 008 | 000707p20001971cau091 vleng d | ||
| 020 | . | ‡a0792165071 | |
| 028 | 4 | 0. | ‡a08042 ‡bParamount Pictures |
| 035 | . | ‡a(CPomAG)LMN496824 | |
| 245 | 0 | 0. | ‡aHarold and Maude ‡h[videorecording] / ‡cParamount Pictures presents ; produced by Colin Higgins and Charles B. Mulvehill ; written by Colin Higgins ; directed by Hal Ashby. |
| 250 | . | ‡aWidescreen version. | |
| 260 | . | ‡aHollywood, Calif. : ‡bParamount Pictures, ‡cc2000. | |
| 300 | . | ‡a1 videodisc (91 min.) : ‡bsound, color ; ‡c4 3/4 in. | |
| 511 | 1 | . | ‡aRuth Gordon, Bud Cort, Vivian Pickles, Cyril Cusack, Charles Tyner, Ellen Geer. |
| 508 | . | ‡aSongs composed and sung by Cat Stevens. | |
| 500 | . | ‡aVideodisc release of 1971 motion picture. | |
| 538 | . | ‡aDVD; Dolby Digital. | |
| 546 | . | ‡aLanguage tracks in English and French; subtitles in English. | |
| 546 | . | ‡aClosed captioned for the hearing impaired. | |
| 521 | 8 | . | ‡aRated PG. |
| 520 | . | ‡aA black comedy about a rich, disturbed, young man, fascinated with death and funerals, who has an affair and a series of adventures with an eccentric and independent 80-year-old woman. | |
| 655 | 7. | ‡aFeature films. ‡2gsafd | |
| 655 | 7. | ‡aComedy films. ‡2gsafd | |
| 650 | 0. | ‡aVideo recordings for the hearing impaired. | |
| 700 | 1 | . | ‡aAshby, Hal. |
| 700 | 1 | . | ‡aHiggins, Colin. |
| 700 | 1 | . | ‡aMulvehill, Charles. |
| 700 | 1 | . | ‡aGordon, Ruth, ‡d1896- |
| 700 | 1 | . | ‡aCort, Bud, ‡d1950- |
| 710 | 2 | . | ‡aParamount Pictures Corporation. |
| 710 | 2 | . | ‡aParamount Home Video (Firm) |
| 914 | . | ‡dLMN_cm | |
| 959 | . | ‡i32269000736168 ‡lDVD Har ‡aAdult - DVD ‡tDVD ‡g15.00 | |
| 852 | . | ‡p32269000736168 ‡jDVD Har ‡gAdult - DVD ‡cDVD ‡y15.00 ‡bSBPL | |
| 901 | . | ‡a128050 ‡bUnknown ‡c128050 ‡tbiblio | |